000 00414nam a2200181Ia 4500
008 210210b1975 xxu||||| |||| 00| 0 eng d
082 _a820.33 SEHT
100 _aSEHGAL (Nayantara)
245 _aTime to be happy
260 _aN D
_bA Sterling Paperback
_c1975
300 _a284
650 _ato
650 _aTime
650 _ahappy
650 _abe
690 _aIndian English Fiction
906 _a031661
999 _c82729
_d82729